| 000 | 00564nam a2200193 i 4500 | ||
|---|---|---|---|
| 001 | 117521 | ||
| 003 | ES-MaACL | ||
| 005 | 20250719031950.0 | ||
| 007 | t| | ||
| 008 | 070214s1932 sp r ||||1| spa d | ||
| 100 | 1 |
_aPedreira, Antonio S. _989899 |
|
| 245 | 1 | 0 |
_aHostos, ciudadano de América / _cAntonio S. Pedreira. |
| 260 |
_aMadrid : _bEspasa-Calpe, _c1932. |
||
| 300 |
_a264 p. : _bil. ; _c19 cm. |
||
| 600 | 1 | 7 |
_aHostos, Eugenio María de, _d1839-1903 _2embne _964302 |
| 852 |
_aES-MaACL _jA-924 |
||
| 852 |
_aES-MaACL _jB-7764 |
||
| 999 |
_c117521 _d117521 |
||